| 000 | 00656cam a22002173a 4500 | ||
|---|---|---|---|
| 001 | 45243 | ||
| 003 | PGUSA | ||
| 005 | 20140828084033.0 | ||
| 008 | 140328s2014||||xxu|||||s|||||000 | eng d | ||
| 040 |
_aPGUSA _beng |
||
| 042 | _adc | ||
| 245 | 1 | 0 |
_aPopular British Ballads, Ancient and Modern, Vol. 3 (of 4) _h[electronic resource] / _cVarious |
| 260 |
_bProject Gutenberg, _c2014 |
||
| 506 | _aPublic domain in the USA. | ||
| 516 | _aElectronic text | ||
| 700 | 1 |
_aCooke, W. Cubitt _q(William Cubitt), _d1866-1951 |
|
| 700 | 1 | _aBrimley, Reginald | |
| 830 | 0 |
_aProject Gutenberg _v45243 |
|
| 856 | 4 | 0 | _uhttp://www.gutenberg.org/ebooks/45243 |
| 942 | _cEB | ||
| 999 |
_c274494 _d274494 |
||